Badfish - Sublime (Full Lyrics) - Statistics

General Stats
  • This quiz has been taken 20 times
  • The average score is 137 of 184
Answer Stats
Answer % Correct
a
100%
go
100%
I
100%
me
100%
badfish
93%
never
93%
no
93%
of
93%
the
93%
The
93%
to
93%
with
93%
you
93%
You
93%
Ain't
86%
are
86%
Are
86%
free
86%
get
86%
got
86%
grab
86%
Grab
86%
hold
86%
I'm
86%
knows
86%
Lord
86%
reef
86%
set
86%
somebody
86%
Tell
86%
tell
86%
that
86%
this
86%
time
86%
too
86%
weak
86%
When
86%
when
86%
Won't
86%
be
79%
booze
79%
into
79%
night
79%
off
79%
pints
79%
quarrels
79%
Two
79%
and
71%
Creep
71%
end
71%
God
71%
hope
71%
I'll
71%
money
71%
parasite
71%
spend
71%
step
71%
Baby
64%
big
64%
crawl
64%
grow
64%
my
64%
old
64%
underneath
64%
Underneath
64%
bed
57%
blue
57%
But
57%
but
57%
feet
57%
he
57%
ten
57%
whale
57%
you're
57%
germs
50%
it
50%
overhead
50%
polluted
50%
water's
50%
all
43%
on
43%
swim
43%
wish
43%
would
43%
deep
36%
duck
36%
it's
36%
turn
36%
back
29%
can
29%
divin'
29%
I'd
29%
radio
29%
dive
21%
fails
21%
Hey
21%
learned
21%
man
21%
Todd
21%
up
21%
what's
14%
dude
7%
going
7%
gotta
7%
How's
7%
No matching quizzes found
Score Distribution
Percent of People with Each Score
Percentile by Number Answered
Your Score History
You have not taken this quiz